[Event "Commonwealth-ch"]
[Site "Nagpur"]
[Date "2008.10.05"]
[Round "10"]
[White "Shweta, Gole"]
[Black "Devesh, Mukherjee"]
[Result "1-0"]
[WhiteElo "1784"]
[BlackElo "2004"]
[PlyCount "69"]
[EventDate "2008.09.28"]
[EventType "swiss"]
[EventRounds "11"]
[EventCountry "IND"]
[SourceTitle "CBM 126 Extra"]
[Source "ChessBase"]
[SourceDate "2008.11.05"]
[SourceVersion "1"]
[SourceVersionDate "2008.11.05"]
[SourceQuality "1"]

1. d4 Nf6 2. c4 c5 3. d5 b5 4. cxb5 a6 5. b6 d6 6. Nc3 g6 7. e4 Bg7 8. Qb3 Bb7 9. f4 0-0 10. Nf3 Nbd7 11. Be2 Nxb6 12. 0-0 Qc7 13. Qc2 Rac8 14. Kh1 Na8 15. Be3 Ng4 16. Bg1 Qa5 17. h3 Nf6 18. Nd2 Nh5 19. Bxh5 gxh5 20. Nb3 Qd8 21. Qe2 a5 22. Qxh5 Ba6 23. Rf3 Kh8 24. Rg3 Nc7 25. Nxa5 Nb5 26. Nc6 Qd7 27. e5 Nxc3 28. bxc3 Rg8 29. Qxf7 dxe5 30. Nxe7 Bb5 31. Rg4 h6 32. Ng6+ Kh7 33. Ne7 Kh8 34. f5 Rce8 35. f6 1-0

[Event "Commonwealth-ch"]
[Site "Nagpur"]
[Date "2008.09.30"]
[Round "4"]
[White "Navya Vyshnavi, Mannepalli"]
[Black "Devesh, Mukherjee"]
[Result "1-0"]
[WhiteElo "1752"]
[BlackElo "2004"]
[PlyCount "125"]
[EventDate "2008.09.28"]
[EventType "swiss"]
[EventRounds "11"]
[EventCountry "IND"]
[SourceTitle "CBM 126 Extra"]
[Source "ChessBase"]
[SourceDate "2008.11.05"]
[SourceVersion "1"]
[SourceVersionDate "2008.11.05"]
[SourceQuality "1"]

1. g3 g6 2. Bg2 Bg7 3. e3 d6 4. Ne2 e5 5. d4 Nc6 6. c4 Nge7 7. Nbc3 0-0 8. 0-0 exd4 9. exd4 Bg4 10. Be3 Nf5 11. Qd2 Qd7 12. Rfe1 Rae8 13. b3 h5 14. d5 Ne5 15. Nd4 Nxd4 16. Bxd4 Nf3+ 17. Bxf3 Bxf3 18. Qf4 Bxd4 19. Qxf3 Qg4 20. Qd3 Bg7 21. Rad1 a6 22. Kg2 h4 23. h3 Qg5 24. Ne4 Qf5 25. gxh4 Qf4 26. Ng3 Qxh4 27. Re4 Rxe4 28. Qxe4 Qxe4+ 29. Nxe4 Re8 30. Re1 Kf8 31. Re2 f5 32. Ng3 Rxe2 33. Nxe2 Be5 34. Ng1 Kf7 35. Nf3 Kf6 36. Kf1 g5 37. Ke2 Bf4 38. Nd4 Ke5 39. Kd3 Bc1 40. f3 Bb2 41. Ne6 Bc1 42. Kc2 Be3 43. Kd3 Bc1 44. Nxc7 Kf4 45. Ke2 Kg3 46. Ne8 Kxh3 47. Nxd6 g4 48. Nxf5 g3 49. Nxg3 Kxg3 50. c5 Ba3 51. c6 bxc6 52. dxc6 Bd6 53. Ke3 Bc7 54. Ke4 Bf4 55. Kd5 Kxf3 56. Ke6 Ke4 57. Kd7 Kd5 58. c7 Bxc7 59. Kxc7 Kc5 60. Kb7 Kb5 61. a4+ Ka5 62. Ka7 Kb4 63. Kxa6 1-0